000
00288nam a22001337a 4500
008
170204b xxu||||| |||| 00| 0 eng d
020
_a
0931431050
041
_a
eng
080
_2
5th
_a
61
100
_a
3
101
_a
SHM
245
_a
MEDICAL ABBREVATIONS
_c
DAVIS, N.M
942
_2
udc
_c
BK
999
_c
4604
_d
4604